| 000 | 01026nam a2200145Ia 4500 | ||
|---|---|---|---|
| 001 | 11434 | ||
| 003 | GE_BSU | ||
| 008 | 181216s||||||||xx |||||||||||||| ||und|| | ||
| 040 | _cGE_BSU | ||
| 100 | _aგავაშელიშვილი,გიორგი. | ||
| 245 | _aმემცენარეობისა და მეცხოველეობის პროდუქციის წარმოების ტექნოლოგიური პროცესების ეკონომიკური შეფასება საქართველოს პირობებში. | ||
| 245 | _cრედ:ო.ქარჩავა. | ||
| 653 | _aმემცენარეობისა და მეცხოველეობის პროდუქციის წარმოების ტექნოლოგიური პროცესების ეკონომიკური შეფასება საქართველოს პირობებში. | ||
| 942 | _cBK | ||
| 999 |
_c44631 _d44631 |
||